| 000 | 00838cab a2200253 4500 | ||
|---|---|---|---|
| 001 | ABS46881 | ||
| 008 | 090401t1992 xxu||||| |||| 00| 0 eng d | ||
| 035 | _a(Sirsi) u59928 | ||
| 041 | _aeng | ||
| 100 | _aRussell, J. | ||
| 245 | _aSubstitution under COSHH | ||
| 260 | _c1992 | ||
| 350 | _a0 | ||
| 490 |
_aHealth & Safety Information Bulletin _v(200) August 1992, 5-7(3) |
||
| 520 | _aThe HSE is to emphasise the substitution of hazardous materials with safer materials as a method of complying with COSHH Regulations 1988 and this article sets out what this could involve. | ||
| 650 | _aCOSHH REGULATIONS | ||
| 650 | _aHAZARDOUS SUBSTANCES | ||
| 650 | _aHEALTH AND SAFETY EXECUTIVE | ||
| 650 | _aSAFETY | ||
| 650 | _aSUBSTITUTION | ||
| 690 | _aBUILT ENVIRONMENT-BUILDING STANDARDS | ||
| 942 | _n0 | ||
| 948 | _c04/03/1997 | ||
| 999 |
_c36873 _d36873 |
||